000 00997nam a22003137a 4500
003 CHAP
005 20220329143346.0
008 081211s2007 us a r 00010 eng d
010 _a95490
011 _a96462
020 _a9780071486514
035 _a107115
040 _cCHAP
082 0 4 _a628.14
_bH81
100 1 _aHouben, Georg
_956425
245 1 0 _aWater well
_brehabilitation and reconstruction
_c/by Georg Houben y Christoph treskatis
260 _aNew York :
_bMcGraw Hill
_c2007
300 _aix, 391 p. :
_bilus., gráfs.
590 _aBATCH-UPD
_b10
_c20130110
_lUCH01
_h0818
590 _aBATCH-UPD
_b10
_c20130410
_lUCH01
_h0455
590 _aBATCH-UPD
_b10
_c20130914
_lUCH01
_h1624
590 _aCONVERSION
_b10
_c20130109
_lUCH01
_h1353
650 1 4 _aMaquinaria hidráulica.
_971217
650 1 4 _aPozos.
_991207
650 1 4 _aReconstrucción.
_995012
901 _aBK
942 _cLIBRO
949 _a628.14 H81
_bBC
_cLIBRO
_d33724002069090
_eLIBRO
_gI.c/e
_h110063
_i107115
_sb
_t$989.00
999 _c95490
_d95490